000 01396nam a22003251i 4500
005 20200601164000.0
008 200601t20142013nyua j 6 000 1 eng d
020 _a9780785189244
_cRM 58.17
_qpaperback
040 _aPPAK
_beng
_cPPAK
_erda
082 0 4 _223
_a741.5
090 0 0 _a741.5
_bTIE
_dG
100 1 _aTieri, Frank
_eauthor.
245 1 0 _aINFINITY:
_bHEIST/THE HUNT /
_cHEIST WRITER: FRANK TIERI ;THE HUNT WRITER: MATT KINDT
246 3 _aHEIST
246 3 _aTHE HUNT
246 3 _aINFINITY
264 1 _aNew York, NY :
_bMARVEL WORLDWIDE, INC.,
_c2014
300 _a1 volume (unpaged) :
_bchiefly color illustrations ;
_c 26 cm.
336 _2rdacontent
_atext
_astill image
337 _2rdamedia
_aunmediated
338 _2rdacarrier
_avolume
500 _aContains material originally published in 2013 in single magazine form as Infinity: Heist #1-4, Infinity: The hunt #1-4.--title verso page
505 _tHEIST/
_rWriter: Frank Tieri ; Artists: Al Barrionuevo with Pat Olliffe, Ramon Bachs, Neil Edwards & Horacio Domingues ; Editor: Tom Brennan
505 _tTHE HUNT/
_rWriter: Matt Kindt ; Artists: Steven Sanders with Paco Diaz & Derec Donovan ; Editor: Nick Lowe
650 1 0 _aAvengers (Fictitious characters)
_vComic books, strips, etc.
655 1 0 _aGraphic novels
655 0 _aComic books, strips, etc
700 1 _aKindt, Matt
_eauthor.
942 _2ddc
_cB
999 _c177375
_d177375